¿Por qué debo ahorrar energía? escrito por Jen Green ; ilustrado por Mike Gordon ; [traducción, Fuencisla del Amo] (Registro nro. 33430)
[ vista simple ]
| 000 -CABECERA | |
|---|---|
| Longitud fija campo de control | 01200nam a2200373 a 4500 |
| 003 - • IDENTIFICADOR DELl NÚMERO DE CONTROL | |
| Identificador del número de control | CO-ViMGA |
| 005 - • FECHA Y HORA DE LA ÚLTIMA TRANSACCIÓN | |
| Fecha y hora de la última transacción | 20230915232152.0 |
| 008 - • CÓDIGOS DE INFORMACIÓN DE LONGITUD FIJA | |
| Códigos de información de longitud fija | 141112s2004 ck r 000 u spa d |
| 017 ## - NÚMERO DE COPYRIGHT O DE DEPÓSITO LEGAL | |
| Número de copyright o de depósito legal | M 1705 - 2012 Oficina Depósito Legal Madrid |
| 020 ## - • NÚMERO INTERNACIONAL NORMALIZADO PARA LIBROS | |
| Número Internacional Normalizado para Libros (ISBN) | 9788467828795 |
| 040 ## - FUENTE DE LA CATALOGACIÓN | |
| Centro catalogador de origen | CO-ViMGA |
| Lengua de catalogación | spa |
| Centro transcriptor | CO-ViMGA |
| 041 ## - • CÓDIGO DE LENGUA | |
| Código de lengua del texto/banda sonora o título independiente | spa |
| 080 ## - NÚMERO DE LA CLASIFICACIÓN DECIMAL UNIVERSAL | |
| Número de la Clasificación Decimal Universal | 087.5 : 620.92 |
| 100 1# - • PUNTO DE ACCESO PRINCIPAL-NOMBRE DE PERSONA | |
| Nombre de persona | Green, Jen |
| 240 ## - • TÍTULO UNIFORME | |
| Título uniforme | <a href="Why should I save energy? Español">Why should I save energy? Español</a> |
| 245 10 - • TITULO PROPIAMENTE DICHO | |
| Título | ¿Por qué debo ahorrar energía? escrito por Jen Green ; ilustrado por Mike Gordon ; [traducción, Fuencisla del Amo] |
| 250 ## - • MENCIÓN DE EDICIÓN | |
| Mención de edición | 1a. ed. |
| 300 ## - • DESCRIPCIÓN FÍSICA | |
| Extensión | 31 p. il. col. 22 cm |
| 336 ## - TIPO DE CONTENIDO | |
| Término de tipo de contenido | Imagen (fija ; bidimensional ; visual) Texto (visual) isbdcontent |
| 337 ## - TIPO DE MEDIO | |
| Nombre del tipo de medio | sin mediación isbdmedia |
| 490 ## - • MENCIÓN DE SERIE | |
| Mención de serie | ¿Por qué debo |
| 594 ## - | |
| -- | Título original : Why should I save energy? |
| 650 14 - • PUNTO DE ACCESO ADICIONAL DE MATERIA - TÉRMINO DE MATERIA | |
| Término de materia o nombre geográfico como elemento inicial | Ahorro de energía - Libros infantiles |
| 700 1# - • PUNTO DE ACCESO ADICIONAL - NOMBRE DE PERSONA | |
| Nombre de persona | Gordon, Mike 1948 - |
| 926 ## - | |
| -- | BNALCALA SG_PETANTI 12/841678 FONDO_MODE 1 |
| 942 ## - ENTRADA DE ELEMENTOS AGREGADOS (KOHA) | |
| Fuente de clasificaión o esquema | Dewey Decimal Classification |
| Koha [por defecto] tipo de item | LIbro |
| 956 ## - LOCALIZACIÓN Y ACCESO ELECTRÓNICO LOCAL (OCLC) | |
| Nombre de la fuente | 2 |
| Perdido | Fuente de clasificación o esquema | Estado Físico | No para préstamo | Forma de adquisición | Localización permanente | Localización actual | Fecha adquisición | Serie de enumeración / cronolog&íacute;a | Préstamos totales | Renovaciones totales | Signatura completa | Código de barras | Fecha última consulta | Fecha último préstamo | Número de copia | Fecha del precio de reemplazo | Tipo de item de Koha |
|---|---|---|---|---|---|---|---|---|---|---|---|---|---|---|---|---|---|
| Dewey Decimal Classification | Sala Infantil Segundo Piso | Biblioteca Pública Germán Arciniegas - Villavicencio | Biblioteca Pública Germán Arciniegas - Villavicencio | 12/04/2015 | 10/dic/2014 | 8 | 1 | GREe | 27797 | 05/30/2019 | 05/27/2019 | Ej. 1 | 12/04/2015 | LIbro | |||
| Dewey Decimal Classification | Sala Infantil Segundo Piso | Biblioteca Pública Germán Arciniegas - Villavicencio | Biblioteca Pública Germán Arciniegas - Villavicencio | 12/04/2015 | 11/dic/2014 | 3 | 1 | GREe | 27822 | 04/12/2019 | 04/02/2019 | Ej. 2 | 12/04/2015 | LIbro | |||
| Dewey Decimal Classification | Sala Infantil Segundo Piso | Biblioteca Pública Germán Arciniegas - Villavicencio | Biblioteca Pública Germán Arciniegas - Villavicencio | 05/24/2016 | 4 | 5 | GREe | 30102 | 04/12/2019 | 03/05/2019 | Ej. 3 | 05/24/2016 | LIbro |